Dilapidations (Record no. 114099)
[ view plain ]
| 000 -LEADER | |
|---|---|
| fixed length control field | 01514cad a2200301 4500 |
| 001 - CONTROL NUMBER | |
| control field | L156207 |
| 008 - FIXED-LENGTH DATA ELEMENTS--GENERAL INFORMATION | |
| fixed length control field | 120508s2012 xxk f 000 0 eng u |
| 020 ## - INTERNATIONAL STANDARD BOOK NUMBER | |
| International Standard Book Number | 9781842197790 |
| 035 ## - SYSTEM CONTROL NUMBER | |
| System control number | (Sirsi) u156207 |
| 041 0# - LANGUAGE CODE | |
| Language code of text/sound track or separate title | eng |
| 050 04 - LIBRARY OF CONGRESS CALL NUMBER | |
| Classification number | 346.410434 $2 18 |
| 110 2# - MAIN ENTRY--CORPORATE NAME | |
| Corporate name or jurisdiction name as entry element | Royal Institution of Chartered Surveyors |
| 9 (RLIN) | 4900 |
| 245 00 - TITLE STATEMENT | |
| Title | Dilapidations |
| Remainder of title | RICS guidance note |
| Medium | [electronic resource] |
| 250 ## - EDITION STATEMENT | |
| Edition statement | 6th ed. |
| 260 ## - PUBLICATION, DISTRIBUTION, ETC. | |
| Place of publication, distribution, etc. | London |
| Name of publisher, distributor, etc. | RICS |
| Date of publication, distribution, etc. | 2012 |
| 300 ## - PHYSICAL DESCRIPTION | |
| Extent | vi, 37p. |
| Dimensions | 30cm. |
| 350 ## - PRICE (NR) (BK AM CF MU VM SE) [OBSOLETE] | |
| Price | 30 |
| 490 #0 - SERIES STATEMENT | |
| Series statement | RICS Guidance Note |
| 520 ## - SUMMARY, ETC. | |
| Summary, etc. | The sixth edition of this RICS guidance note provide practical guidance to RICS members when instructed in connection with dilapidations matters in England and Wales. This is particularly relevant to practitioners in view of the recent adoption of a formal pre-action protocol under the Civil Procedure Rules (CPR). Considers: dilapidations claims at the end of the term;dilapidations claims during the term forfeiture situations; entry to repair situations; break clause situations; and dilapidations claims by tenants against landlords |
| 520 ## - SUMMARY, ETC. | |
| Summary, etc. | Supersedes fifth edition (ISBN 9781842194034). |
| 520 ## - SUMMARY, ETC. | |
| Summary, etc. | Superseded by 7th ed (ISBN 9781783211685) |
| 590 ## - LOCAL NOTE (RLIN) | |
| Local note | KA NTK |
| 651 #4 - SUBJECT ADDED ENTRY--GEOGRAPHIC NAME | |
| Geographic name | England and Wales |
| Chronological subdivision | 1543- |
| 690 ## - LOCAL SUBJECT ADDED ENTRY--TOPICAL TERM (OCLC, RLIN) | |
| Topical term or geographic name as entry element | Dilapidations |
| 9 (RLIN) | 6235 |
| 856 41 - ELECTRONIC LOCATION AND ACCESS | |
| Uniform Resource Identifier | <a href="https://www.rics.org/Documents/Dilapidations_6th_edition_PGguidance_2012.pdf">https://www.rics.org/Documents/Dilapidations_6th_edition_PGguidance_2012.pdf</a> |
| Public note | View the guidance free of charge (member-only content) at www.rics.org/guidance... |
| 942 ## - ADDED ENTRY ELEMENTS (KOHA) | |
| Suppress in OPAC | 0 |
| Withdrawn status | Lost status | Damaged status | Not for loan | Home library | Current library | Shelving location | Date acquired | Total Checkouts | Full call number | Barcode | Date last seen | Copy number | Price effective from | Koha item type | Source of classification or shelving scheme |
|---|---|---|---|---|---|---|---|---|---|---|---|---|---|---|---|
| Missing from bundle | London | London | RICS Boxes | 03/05/2012 | RICS 2012/20 | 30077433 | 06/08/2019 | 1 | 06/08/2019 | Archive | |||||
| Missing from bundle | London | London | Reference copy | 03/05/2012 | RICS 2012/20 | 30077434 | 06/08/2019 | 1 | 06/08/2019 | Book | |||||
| Missing from bundle | London | London | Books | 03/05/2012 | RICS 2012/20 | 30077435 | 06/08/2019 | 2 | 06/08/2019 | Book | |||||
| Virtual | Virtual | Online | 08/05/2012 | ONLINE RESOURCE | 156207-4001 | 06/08/2019 | 1 | 06/08/2019 | Book | Dewey Decimal Classification |